000
00316nam a2200145Ia 4500
100
_a
Osborne/Adme
490
_v
I
942
_c
BK
654
_a
Microcomputers
245
_a
Introductions To Microcomputers
260
_b
McGraw Hill
_a
Cailfornia
_c
1986
082
_a
621.3
_b
Osb
546
_a
ENGLISH
999
_c
31070
_d
31070